00685nam a2200169 a 450000100100000000500170001000800410002704000250006808200140009310000450010724500760015226000740022830000280030204900090033095201590033999900170049800003183520200930063222.0110706s1959 dr a 000 0 spa d aDO-SdBNPbspacBNPHU axxxbR6211 aRivera González, José Antonio95804310aTrujillo y el alcázar de Colón /cJosé Antonio Rivera González. aCiudad Trujillo, República Dominicana :bEditora del Caribe,c1959. a110 p. :bil. ;c23 cm. aBNPD 001050718RVaPDbPDcHDd2011-07-06iLF1l0oxxx R621p31835-10r2020-06-25w2020-06-25y1zPerteneció a la colección Martínez BoogZNo se presta c31327d31327